书目信息 |
| 题名: |
艺用表情结构
|
|
| 作者: | (拉脱) 乌迪斯·扎林斯 (Uldis Zarins) 著 | |
| 分册: | ||
| 出版信息: | 北京 电子工业出版社 2019 |
|
| 页数: | 207页 | |
| 开本: | 25cm | |
| 丛书名: | ||
| 单 册: | ||
| 中图分类: | J211.25 | |
| 科图分类: | ||
| 主题词: | 面(绘画)--表情 | |
| 电子资源: | ||
| ISBN: | 978-7-121-37066-3 | |
| 000 | 01202nam0 2200229 45 | |
| 001 | 012001010143 | |
| 005 | 20140102165848.0 | |
| 010 | @a978-7-121-37066-3@b精装@dCNY198.00 | |
| 100 | @a20190802d2019 em y0chiy0110 ea | |
| 101 | 0 | @achi |
| 102 | @aCN@b110000 | |
| 105 | @ay z 000yy | |
| 106 | @ar | |
| 200 | 1 | @a艺用表情结构@9yi yong biao qing jie gou@f(拉脱) 乌迪斯·扎林斯 (Uldis Zarins) 著 |
| 210 | @a北京@c电子工业出版社@d2019 | |
| 215 | @a207页@d25cm | |
| 330 | @a本书由拉脱维亚著名雕塑家乌迪斯·扎林斯(Uldis Zarins)联合其国际创作团队合力完成。书中对人物面部结构进行了细致入微的讲解,介绍了每块骨骼和肌肉特征,详解肌肉运动对面部表情造成的影响,并采用了国际通用的面部动作编码系统(FACS)将不同的表情归类为相应动作单元,便于读者直观地了解面部表情的形成规律。本书,依旧沿袭“图解至上”的编写理念,在以图解为主的基础上,为便于区分每块肌肉与骨骼,作者特意使用不同颜色进行标记,并在必要时用三维效果来模拟。它不仅适合绘画、雕塑和设计爱好者,同样适合动画专业人士。 | |
| 606 | 0 | @a面(绘画)@x表情 |
| 690 | @aJ211.25@v5 | |
| 701 | 0 | @a(拉脱) 乌迪斯·扎林斯 (Uldis Zarins)@9wu di si zha lin si u l d i s z a r i n s@4著 |
| 801 | 2 | @aCN@b上海新华@c20191020 |
| 905 | @b1135771-2@dJ211.25@e1093@f2 | |
| 艺用表情结构/(拉脱) 乌迪斯·扎林斯 (Uldis Zarins) 著.-北京:电子工业出版社,2019 |
| 207页;25cm |
| ISBN 978-7-121-37066-3(精装):CNY198.00 |
| 本书由拉脱维亚著名雕塑家乌迪斯·扎林斯(Uldis Zarins)联合其国际创作团队合力完成。书中对人物面部结构进行了细致入微的讲解,介绍了每块骨骼和肌肉特征,详解肌肉运动对面部表情造成的影响,并采用了国际通用的面部动作编码系统(FACS)将不同的表情归类为相应动作单元,便于读者直观地了解面部表情的形成规律。本书,依旧沿袭“图解至上”的编写理念,在以图解为主的基础上,为便于区分每块肌肉与骨骼,作者特意使用不同颜色进行标记,并在必要时用三维效果来模拟。它不仅适合绘画、雕塑和设计爱好者,同样适合动画专业人士。 |
| ● |
| 相关链接 |
|
|
|
|
正题名:艺用表情结构
索取号:J211.25/1093
 
预约/预借
| 序号 | 登录号 | 条形码 | 馆藏地/架位号 | 状态 | 备注 |
| 1 | 1135771 | 211357716 | 第一样本阅览室/ [索取号:J211.25/1093] | 在馆 | |
| 2 | 1135772 | 211357725 | 第一借阅区/ [索取号:J211.25/1093] | 在馆 |